2023 FIFA Women's World Cup Teams - Statistics

General Stats
  • This quiz has been taken 72 times
  • The average score is 25 of 32
Answer Stats
Group Team % Correct
Group C Japan
94%
Group C Spain
94%
Group E United States
94%
Group D China
92%
Group G Sweden
92%
Group B Australia
90%
Group F Brazil
90%
Group B Canada
90%
Group H Germany
90%
Group E Netherlands
90%
Group A Norway
90%
Group G Argentina
88%
Group D England
88%
Group E Portugal
88%
Group G South Africa
88%
Group F France
86%
Group A New Zealand
86%
Group B Nigeria
84%
Group H Colombia
82%
Group H South Korea
82%
Group G Italy
78%
Group A Switzerland
78%
Group D Denmark
76%
Group B Ireland
67%
Group H Morocco
65%
Group C Costa Rica
59%
Group F Jamaica
59%
Group D Haiti
53%
Group A Philippines
53%
Group F Panama
51%
Group E Vietnam
49%
Group C Zambia
43%
No matching quizzes found
Score Distribution
Percent of People with Each Score
Percentile by Number Answered
Your Score History
You have not taken this quiz